Statystyki dla Ile trwało to historyczne wydarzenie?

Kliknij tutaj aby rozwiązać quiz!

Ogólne statystyki

  • Ten quiz został rozwiązany 206 razy
  • Średni wynik to 5 z 10

Statystyki odpowiedzi

WydarzenieLiczba lat% Poprawnych
II wojna światowa6
98%
I wojna światowa4
97%
Kongres wiedeński1
79%
Pierwsza wyprawa krzyżowa3
66%
Wojna krymska3
63%
Wojna stuletnia116
53%
Zimna wojna44
37%
Pierwsze zjednoczenie Niemiec5
25%
Istnienie Rzeczpospolitej obojga Narodów226
21%
Przyznawanie nagrody Nobla119
11%

Rozkład punktacji

Percentyl według liczby udzielonych odpowiedzi

Procent ludzi z każdym wynikiem

Twoja historia wyników

Nie rozwiązałeś tego quizu